000 00556nam a22001697a 4500
999 _c526257
_d526257
003 NUST
020 _qHardcover.
038 _aMr.Zahoor
082 _a510
100 _aSaeed, Sadia
_916919
245 _aNumerical Solution of Burger's equation with random initial conditions using wiener chaos expansion and lax- Wendroff Method /
_cSadia Saeed
260 _aIslamabad :
_bCAMP - NUST,
_c2013.
300 _aiv, 52 p. : ill. ;
_c30cm.
650 _aMathematics - M.Phil Thesis
_916594
700 _aProf. Muneer Ahmad Rashid
_916920
942 _2ddc
_cTHE